| 000 | 01193nam a22003017a 4500 | ||
|---|---|---|---|
| 001 | 7525 | ||
| 003 | FISKH | ||
| 005 | 20250819110758.0 | ||
| 008 | 250723b cb ||||| |||| 00| 0 eng d | ||
| 020 | _a9781408324134 | ||
| 040 |
_aFISKH _beng _cFISKH _dFISKH |
||
| 050 | _aPZ7. | ||
| 082 | _a 823.92 | ||
| 100 | _aBlade, Adam | ||
| 245 |
_aSea quest : _bCrusher the creeping terror / _cBy Adam Blade |
||
| 250 | _aThis edition first published in 2013 | ||
| 260 |
_aSydney : _bOrchard, _c2000 |
||
| 300 |
_a118 pages : _billustrations ; _c20 cm |
||
| 505 | _aJ | ||
| 520 | _aA new Sea Quest continues! Far beneath the waves, Max's Quest grows ever more challenging as he encounters mythical sea creatures. Max must tackle Crusher the Creeping Terror, or the evil Professor and his Robobeast will ruin the precious Crystal Forest! Don't miss the other books in this series: Shredder the Spider Droid, Stinger the Sea Phantom and Mangler the Dark Menace. | ||
| 521 | 8 |
_a500 estimated
_bLexile |
|
| 521 | 8 |
_aJ
_bRaz-Plus |
|
| 650 |
_2Children's fiction _aSea |
||
| 650 |
_2Creeping _aRobot |
||
| 700 |
_aDoodlers, Artful _dillustrator |
||
| 942 |
_2ddc _cBK _n0 |
||
| 999 |
_c7525 _d7525 |
||